000 00462nam a22001817a 4500
008 170725b xxu||||| |||| 00| p tur d
020 _a9789752897052
041 _atur
050 _aPL248.E7424
100 _9526
_aÖmer Erdem
245 _aKireç
_cÖmer Erdem
250 _a1. baskı
260 _aİstanbul
_bEverest Yayınları
_cMart 2010
300 _a92 Sayfa
500 _aEverest 774; Şiir: 774
650 0 _9145
_aTürk Edebiyatı
942 _2lcc
_cBK
999 _c704
_d695